ბათუმის შოთა რუსთაველის სახელმწიფო უნივერსიტეტის ბიბლიოთეკა

მყოფადი ქართველურ ენებში / (ბიბ.ჩანაწერი № 52983)

000 -ლიდერი
ფიქსირებული სიგრძის საკონტროლო ველი 01139nam a2200253Ia 4500
001 - საკონტროლო ნომერი
საკონტროლო ველი 20014
003 - საკონტროლო ნომრის იდენტიფიკატორი
საკონტროლო ველი GE_BSU
005 - ბოლო ოპერაციის თარიღი და დრო
საკონტროლო ველი 20200529225434.0
008 - ფიქსირებული სიგრძის მონაცემთა ელემენტები - ზოგადი ინფორმაცია
ფიქსირებული სიგრძის საკონტროლო ველი 181216s1986||||ge |||||||||||||| ||geo||
040 ## - კატალოგიზაციის წყარო
Transcribing agency GE_BSU
041 ## - ენის კოდი
Language code of text/sound track or separate title geo
080 ## - უნივერსალური ათობითი კლასიფიკაციის ინდექსი
Universal Decimal Classification number 811.353'36 ჭ-83
100 ## - მთავარი ჩანაწერი - პიროვნების სახელი
Personal name ჭუმბურიძე, ზურაბ
9 (RLIN) 8055
245 ## - ცნობა სათაურის შესახებ
Title მყოფადი ქართველურ ენებში /
Statement of responsibility, etc ზურაბ ჭუმბურიძე ; გამომც./რედ. ი.ჩიქვინიძე.
264 ## - წარმოების, გამოცემის, დისტრიბუციის და სხვა ცნობები
გამოცემის, წარმოების, დისტრიბუციის... ადგილი თბილისი :
გამოცემის, წარმოების, დისტრიბუციის... სახელწოდება თბილ. უნ-ტის გამ-ბა,
გამოცემის, წარმოების, დისტრიბუციის... თარიღი 1986.
300 ## - ფიზიკური აღწერა
Extent 264 გვ. ;
Dimensions 22 სმ
546 ## - LANGUAGE NOTE
Language note რეზიუმე რუსულ ენაზე
546 ## - LANGUAGE NOTE
Language note რეზიუმე გერმანულ ენაზე
653 ## - INDEX TERM--UNCONTROLLED
Uncontrolled term ზმნა ქართველურ ენებში
653 ## - INDEX TERM--UNCONTROLLED
Uncontrolled term მყოფადი ქართველურ ენებში
700 ## - ADDED ENTRY--PERSONAL NAME
Personal name ჩიქვინიძე, ი.
Relator term გამომცემელ რედაქტორი
9 (RLIN) 8262
942 ## - ADDED ENTRY ELEMENTS (KOHA)
Koha item type წიგნი
Source of classification or shelving scheme
ეგზემპლარები
ჩამოწერის სტატუსი დაკარგული ეგზემპლარის სტატუსი კლასიფიკაციის წყარო ან თაროზე გაწყობის სქემა დაზიანების სტატუსი არ გაიცემა მუდმივი მდებარეობა (დაცვის ადგილი) ამჟამინდელი ადგილსამყოფელი თაროზე განთავსების ადგილი შეძენის თარიღი ღირებულება, შესყიდვის ნორმალური ფასი სრული შენახვის შიფრი შტრიხკოდი ბოლო ოპერაციის თარიღი ეგზემპლარის მიმდევრობითი ნომერი (კეტერი?) ფასის ძალაში შესვლის თარიღი ეგზემპლარის სახეობა საჯარო შენიშვნა
          ბათუმის შოთა რუსთაველის სახელმწიფო უნივერსიტეტის მთავარი ბიბლიოთეკა ბათუმის შოთა რუსთაველის სახელმწიფო უნივერსიტეტის მთავარი ბიბლიოთეკა წიგნსაცავი 2018-12-17 3.00 811.353'36 ჭ-83 52738 2018-12-17 52738 2018-12-17 წიგნი 3.00 ლ.